El proyecto urbano en España génesis y desarrollo de un urbanismo de los arquitectos (Registro nro. 66923)
[ vista simple ]
| 000 -ENCABEZADO | |
|---|---|
| Número de control [NR] | 00981nam a2200241Ia 4500 |
| 008 - DE LONGITUD FIJA DE DATOS DE ELEMENTOS - INFORMACIÓN GENERAL | |
| Elementos de longitud fija [NR] | 130821s2006 sp ab gr spa |
| 020 ## - NUMERO INTERNACIONAL NORMALIZADO PARA LIBROS [R] | |
| Número Internacional Normalizado del libro [NR] | 8447210154 |
| 040 ## - FUENTE DE CATALOGACION [NR] | |
| Quien Cataloga | |
| Quien Clasifica | Aldemar Mondragón |
| Idioma de catalogación [NR] | spa |
| 041 00 - CODIGO DE IDIOMA [R] | |
| Código de idioma para texto/pista de sonido o título separado [R] | Español |
| 100 1# - ASIENTO PRINCIPAL--NOMBRE PERSONAL [NR] | |
| Nombre personal [NR] | Sainz Gutiérrez, Victoriano |
| ID Autoridad | 29273 |
| 245 13 - MENCION DE TITULO [NR] | |
| Título [NR] | El proyecto urbano en España génesis y desarrollo de un urbanismo de los arquitectos |
| Mención de responsabilidad, etc. [NR] | Victoriano Sainz Gutiérrez |
| 260 ## - PUBLICACION, DISTRIBUCION, ETC. (PIE DE IMPRENTA) [R] | |
| Lugar de publicación, distribución, etc. [R] | Sevilla (Andalucía, España) |
| Nombre del editor, distribuidor, etc. [R] | Universidad de Sevilla |
| Fecha de publicación, distribución, etc. [R] | 2006 |
| 300 ## - DESCRIPCION FISICA [R] | |
| Extensión [R] | 251 páginas |
| Otros detalles físicos [NR] | ilustraciones, mapas |
| 490 #0 - MENCION DE SERIE [R] | |
| Mención de serie [R] | Colección Kora |
| Designación numérica/secuencial del volumen [NR] | 17 |
| 504 ## - NOTA DE BIBLIOGRAFIA, ETC. [R] | |
| Nota de bibliografía, etc. [NR] | Incluye referencias bibliográficas e índices |
| 650 ## - ASIENTO SECUNDARIO DE MATERIA - TERMINO TEMATICO [R] | |
| Término temático o nombre geográfico como elemento de entrada [NR] | Urbanismo |
| 650 #7 - ASIENTO SECUNDARIO DE MATERIA - TERMINO TEMATICO [R] | |
| Término temático o nombre geográfico como elemento de entrada [NR] | Urbanismo |
| 9 (RLIN) | 8216 |
| Subdivisión geográfica [R] | España |
| 650 #7 - ASIENTO SECUNDARIO DE MATERIA - TERMINO TEMATICO [R] | |
| Término temático o nombre geográfico como elemento de entrada [NR] | Urbanismo |
| Subdivisión general [R] | Historia |
| Subdivisión geográfica [R] | España |
| 9 (RLIN) | 8216 |
| 651 #4 - ASIENTO SECUNDARIO DE MATERIA - NOMBRE GEOGRAFICO [R] | |
| Nombre geográfico [NR] | España |
| Subdivisión general [R] | Historia |
| 9 (RLIN) | 26943 |
| 710 1# - ASIENTO SECUNDARIO - NOMBRE CORPORATIVO [R] | |
| Nombre corporativo o de jurisdicción como elemento de entrada [NR] | Universida de Sevilla |
| Unidad subordinada [R] | Consejería de Obras Públicas y Transporte |
| 9 (RLIN) | 29274 |
| 942 ## - ELEMENTOS DE ENTRADA AGREGADOS (KOHA) | |
| Tipo de ítem principal el descrito en 300a | Libro |
| Tema principal | Arte |
| Edición | 1 |
| Parte restante de la signatura top. | S157p |
| Sistema de clasificación | DEWEY |
| Clasificación | 711.4 |
| Fecha de último préstamo | Total préstamos | Signatura topográfica | Código de barras | Última vez visto | Ejemplar | Price effective from | Tipo de ítem | Perdido | Sistema de clasificación | Dañado | No prestable | Tipo de ítem específico | Suprimido | Ubicación habitual | Ubicación actual | Localización | Fecha de creación | Forma de adquisición | Costo |
|---|---|---|---|---|---|---|---|---|---|---|---|---|---|---|---|---|---|---|---|
| 16/04/2015 | 6 | 711.4 S157p | 100109549 | 06/12/2025 | Ej.1 | 03/02/2013 | Libro | DEWEY | Libro | Claustro | Claustro | 2do piso | 28/02/2010 | Compra | 155524.00 | ||||
| 02/09/2013 | 1 | 711.4 S157p | 100131167 | 06/12/2025 | Ej.2 | 18/02/2013 | Libro | DEWEY | Libro | Claustro | Claustro | 2do piso | 22/01/2013 | Compra | 80600.00 |